Kendrick Lamar Songs - Sudden Death - Statistics

General Stats
  • This quiz has been taken 1,710 times
  • The average score is 11 of 16
Answers on the Grid
Answers color-coded by a green-red scale on the quiz's grid according to % correct below.
HUMBLE.
TIME.
PRIDE.
Better Days
LUST.
Achievements
Passionfruit
Sing About Me, I'm Dying Of Thirst.
Father Time
Mother I Sober
LAMAR.
m.A.A.d city
You Can Kill My Vibe
Fugitive
Roots
FEAR.
King
DUCKWORTH.
Swimming Pools
No Role Modelz
All The Stars
Control
Like That
FOENEM.
Family Matters
REGRET.
Luther
You Too
u
last dance
GREED.
man at the garden
 
Answer Stats
Answer % Correct
HUMBLE.
99%
PRIDE.
86%
m.A.A.d city
78%
LUST.
77%
All The Stars
72%
DUCKWORTH.
72%
FEAR.
70%
Sing About Me, I'm Dying Of Thirst.
70%
Swimming Pools
68%
Father Time
67%
Luther
63%
Mother I Sober
62%
u
60%
Like That
57%
man at the garden
54%
Control
28%
No matching quizzes found
Score Distribution
Percent of People with Each Score
Percentile by Number Answered
Your Score History
You have not taken this quiz